[Event "Moscow Smyslov-C"]
[Site "Moscow"]
[Date "2025.06.08"]
[Round "7"]
[White "Shpigotskiy, Dmitriy"]
[Black "Belyaevskiy, Mikhail"]
[Result "1-0"]
[WhiteElo "1673"]
[BlackElo "1612"]
[PlyCount "127"]
[EventDate "2025.06.02"]
[EventType "swiss"]
[EventRounds "8"]
[EventCountry "RUS"]
[SourceTitle "CB29_2025"]
[SourceDate "2025.07.16"]
[SourceVersion "1"]
[SourceVersionDate "2025.07.16"]
[SourceQuality "1"]

1. e4 e5 2. Nf3 Nf6 3. d4 Nxe4 4. Bd3 d5 5. Nxe5 Nd7 6. Nxd7 Bxd7 7. 0-0 Be7 8. Nd2 Nxd2 9. Bxd2 c6 10. c3 0-0 11. Re1 Be6 12. Qh5 g6 13. Qf3 Bg5 14. Bxg5 Qxg5 15. Re5 Qd8 16. Rae1 Kg7 17. Qg3 Re8 18. Bf5 Bxf5 19. Rxe8 Qxe8 20. Rxe8 Rxe8 21. h3 Re2 22. Qb8 Rxb2 23. Qxa7 Bd3 24. a4 Ba6 25. a5 Rb5 26. Qb8 Rxa5 27. Qe5+ Kg8 28. Qf6 Ra3 29. g4 Rxc3 30. h4 Bd3 31. f4 Rc1+ 32. Kf2 Rf1+ 33. Kg2 h5 34. gxh5 gxh5 35. Qg5+ Kf8 36. Qxh5 Re1 37. f5 Re4 38. f6 Ke8 39. Qh8+ Kd7 40. Qf8 Ke6 41. Qe7+ Kf5 42. Qxf7 Rg4+ 43. Kf2 Rg6 44. Ke3 Be4 45. h5 Rxf6 46. Qd7+ Kg5 47. Qg7+ Bg6 48. hxg6 b5 49. Qf7 Rxg6 50. Qf4+ Kh5 51. Kf3 Rg1 52. Qc7 Rg6 53. Qh7+ Kg5 54. Qe7+ Rf6+ 55. Kg3 Kf5 56. Qe5+ Kg6 57. Kg4 Kf7 58. Kg5 Rg6+ 59. Kf5 Rh6 60. Qc7+ Kg8 61. Qe7 Kh8 62. Kg5 Rh1 63. Qe8+ Kh7 64. Qxc6 1-0

[Event "Moscow Smyslov-C"]
[Site "Moscow"]
[Date "2025.06.06"]
[Round "5"]
[White "Belyaevskiy, Mikhail"]
[Black "Tsaregorodtsev, Alexandr"]
[Result "1/2-1/2"]
[WhiteElo "1612"]
[BlackElo "1718"]
[PlyCount "101"]
[EventDate "2025.06.02"]
[EventType "swiss"]
[EventRounds "8"]
[EventCountry "RUS"]
[SourceTitle "CB29_2025"]
[SourceDate "2025.07.16"]
[SourceVersion "1"]
[SourceVersionDate "2025.07.16"]
[SourceQuality "1"]

1. d4 Nf6 2. c4 e6 3. Nf3 d5 4. e3 Be7 5. Nc3 0-0 6. Bd3 dxc4 7. Bxc4 b6 8. 0-0 Bb7 9. Qe2 Nbd7 10. Rd1 Bb4 11. a3 Bxc3 12. bxc3 Ne4 13. Qd3 Qe7 14. Nd2 Nd6 15. Bb3 c5 16. f3 Rac8 17. Bc2 f5 18. e4 cxd4 19. cxd4 f4 20. e5 Nf5 21. Ne4 g5 22. Bb3 Rfd8 23. Nxg5 Nc5 24. Qxf5 Nxb3 25. Nxe6 Re8 26. Rb1 Nxc1 27. Nxf4 Na2 28. Rd2 Nc3 29. Re1 Nd5 30. Nxd5 Bxd5 31. f4 Qf7 32. Qg4+ Qg6 33. Qd7 Qf7 34. Qg4+ Kh8 35. f5 Rg8 36. Qf4 Rcf8 37. Rf2 Qg7 38. Re3 Qg5 39. Qxg5 Rxg5 40. e6 Rc8 41. h4 Rg4 42. f6 Kg8 43. f7+ Kg7 44. Re5 Bxe6 45. Rxe6 Rf8 46. Re7 Rxd4 47. Rxa7 Rxh4 48. Rf3 Rh6 49. Kf2 Re6 50. g4 Rg6 51. Rf4 1/2-1/2

[Event "Moscow Smyslov-C"]
[Site "Moscow"]
[Date "2025.06.04"]
[Round "3"]
[White "Ivaschenko, Anna"]
[Black "Belyaevskiy, Mikhail"]
[Result "1-0"]
[WhiteElo "1692"]
[BlackElo "1612"]
[PlyCount "59"]
[EventDate "2025.06.02"]
[EventType "swiss"]
[EventRounds "8"]
[EventCountry "RUS"]
[SourceTitle "CB29_2025"]
[SourceDate "2025.07.16"]
[SourceVersion "1"]
[SourceVersionDate "2025.07.16"]
[SourceQuality "1"]

1. d4 d5 2. c4 e6 3. Nf3 Nf6 4. g3 c6 5. Bg2 Nbd7 6. Qc2 Bd6 7. 0-0 0-0 8. Nbd2 Re8 9. e4 dxe4 10. Nxe4 Nxe4 11. Qxe4 Nf6 12. Qc2 c5 13. dxc5 Bxc5 14. Bf4 Nd7 15. Rad1 f6 16. Bd6 Bxd6 17. Rxd6 Qc7 18. Rd2 e5 19. Re1 Nf8 20. Nd4 a6 21. Nf5 Bxf5 22. Qxf5 Rad8 23. Bd5+ Kh8 24. Rde2 Qb6 25. h4 g6 26. Qf3 Kg7 27. h5 Ne6 28. h6+ Kf7 29. Rxe5 Rd6 30. c5 1-0